000 00907cam a2200277 4500
001 ##E133305
002 ##9960
008 050428n2006 000 0 eng u
020 _a1904829309
022 0 _a0261-2933
035 _a(Sirsi) u133305
041 0 _aeng
050 0 4 _a692.5 $2 18
110 2 _aBuilding Maintenance Information
_93229
245 0 0 _aBMI building maintenance price book 2006
250 _a26th ed.
260 _aLondon
_bBCIS
_c2006
300 _a252p
_c22cm.
350 _a95
505 2 _aIntroduction -- Basic costs -- Labour constants -- Measured rates.
520 _aAims to represent reasonable prices for maintenance and repair work and as such provides a realistic and useful source of maintenance cost information for estimating and pricing.
590 _aIKA060606
651 4 _aUnited Kingdom
_y
690 _aBUILT ENVIRONMENT-BUILDING COSTS
942 _n0
999 _c105378
_d105378